[Event "Championnat de France des Jeunes - Minim"]
[Site "NIMES"]
[Date "2012.04.14"]
[Round "1.1"]
[White "Sarafian, Thomas"]
[Black "Giroyan, Gary"]
[Result "0-1"]
[WhiteElo "1796"]
[BlackElo "2364"]
[PlyCount "52"]

1. e4 c5 2. Nf3 e6 3. d4 cxd4 4. Nxd4 d6 5. Nc3 a6 6. Bc4 Nf6 7. Bb3 Nbd7 8.
Bg5 Nc5 9. f4 Be7 10. Qf3 Qc7 11. O-O O-O 12. f5 h6 13. Bh4 b5 14. fxe6 fxe6
15. Nf5 Nxb3 16. Nxe7+ Qxe7 17. axb3 Bb7 18. Qe2 g5 19. Bg3 b4 20. Rad1 bxc3
21. Bxd6 Qg7 22. Bxf8 Rxf8 23. bxc3 Nxe4 24. c4 Re8 25. Qh5 Bc6 26. Rfe1 Qa7+
0-1

[Event "Championnat de France des Jeunes - Minim"]
[Site "NIMES"]
[Date "2012.04.14"]
[Round "1.2"]
[White "Kambrath, Yannick"]
[Black "Navarro, Robin"]
[Result "1-0"]
[WhiteElo "2228"]
[BlackElo "1793"]
[PlyCount "60"]

1. d4 d5 2. c4 e6 3. Nc3 c6 4. e4 Bb4 5. e5 Nd7 6. a3 Bxc3+ 7. bxc3 f6 8. Bd3
Ne7 9. exf6 Nxf6 10. Nf3 O-O 11. O-O dxc4 12. Bxc4 Ned5 13. Bd2 Qd6 14. Re1 Re8
15. Bb3 Kh8 16. c4 Nc7 17. Bg5 Nd7 18. Bc2 c5 19. Qd3 Nf8 20. Bh4 cxd4 21. Bg3
Qd8 22. Nxd4 Ng6 23. Qe3 Nf8 24. Rad1 Bd7 25. Nf3 Na6 26. Ne5 Qe7 27. Bf4 Rec8
28. Qh3 Be8 29. Nf3 Nc5 30. Bd6 Qf6 1-0

[Event "Championnat de France des Jeunes - Minim"]
[Site "NIMES"]
[Date "2012.04.14"]
[Round "1.3"]
[White "Sicuranza, Matthis"]
[Black "Lamard, Guillaume"]
[Result "0-1"]
[WhiteElo "1790"]
[BlackElo "2224"]
[PlyCount "54"]

1. e4 c5 2. Nf3 e6 3. d4 cxd4 4. Nxd4 Nc6 5. Nc3 Qc7 6. Be3 a6 7. Qd2 Nf6 8. f3
Bb4 9. O-O-O O-O 10. g4 Ne5 11. Bf4 b5 12. Nde2 Be7 13. Bg2 d6 14. h4 b4 15.
Nb1 a5 16. h5 Nc4 17. Qe1 e5 18. Bd2 Be6 19. b3 Nxd2 20. Nxd2 Rfc8 21. Kb1
Qxc2+ 22. Ka1 a4 23. Rc1 Qd3 24. Rxc8+ Rxc8 25. Qd1 Rc2 26. Nb1 Rxa2+ 27. Kxa2
Bxb3+ 0-1

[Event "Championnat de France des Jeunes - Minim"]
[Site "NIMES"]
[Date "2012.04.14"]
[Round "1.4"]
[White "Kirk, Ezra"]
[Black "Haroyan, Moucheg"]
[Result "1-0"]
[WhiteElo "2201"]
[BlackElo "1782"]
[PlyCount "91"]

1. d4 g6 2. c4 Nf6 3. Nc3 d6 4. Nf3 Bg7 5. g3 O-O 6. Bg2 Nbd7 7. O-O e5 8. e4
c6 9. h3 Qa5 10. d5 cxd5 11. cxd5 b5 12. Nd2 b4 13. Nb3 Qc7 14. Ne2 a5 15. Be3
a4 16. Rc1 Qb8 17. Nd2 Ba6 18. Kh2 Rc8 19. Rxc8+ Qxc8 20. Re1 Bb5 21. Nc1 Nc5
22. f3 Nfd7 23. Bf1 Qa6 24. Bxb5 Qxb5 25. Qe2 Qxe2+ 26. Rxe2 Rc8 27. b3 Nb6 28.
Kg2 Bf6 29. Kf2 a3 30. Ke1 Bd8 31. Kd1 Na6 32. Nb1 Nd7 33. Nd2 Nb6 34. Bxb6
Bxb6 35. Nc4 Bc7 36. Nd3 Bb8 37. Rc2 Kf8 38. Na5 Rxc2 39. Kxc2 Ba7 40. Nc6 Bc5
41. Nxc5 dxc5 42. Nxe5 Ke7 43. Kd3 f6 44. Nc6+ Kd6 45. Kc4 Nc7 46. f4 1-0

[Event "Championnat de France des Jeunes - Minim"]
[Site "NIMES"]
[Date "2012.04.14"]
[Round "1.5"]
[White "Daeschler, Florian"]
[Black "Purenne, Benoit"]
[Result "0-1"]
[WhiteElo "1781"]
[BlackElo "2182"]
[PlyCount "56"]

1. c4 Nf6 2. Nc3 e6 3. Nf3 d5 4. d4 Nbd7 5. e3 Be7 6. cxd5 exd5 7. Bd3 O-O 8.
O-O Re8 9. Rb1 c6 10. b4 a6 11. Qc2 Bd6 12. a4 Qe7 13. b5 axb5 14. axb5 Ne4 15.
bxc6 bxc6 16. Ne2 c5 17. dxc5 Ndxc5 18. Bb5 Bf5 19. Qd1 Red8 20. Ned4 Bg4 21.
Bb2 Qf6 22. Be2 Qh6 23. Ra1 Rab8 24. Ba3 Nc3 25. Qc2 Nxe2+ 26. Qxe2 Bxh2+ 27.
Kh1 Bc7+ 28. Kg1 Nb3 0-1

[Event "Championnat de France des Jeunes - Minim"]
[Site "NIMES"]
[Date "2012.04.15"]
[Round "2.1"]
[White "Giroyan, Gary"]
[Black "Pourquet, Matthieu"]
[Result "1-0"]
[WhiteElo "2364"]
[BlackElo "1877"]
[Annotator "Rivier,Sylvain"]
[PlyCount "55"]

1. d4 d5 2. c4 e6 3. Nc3 c5 4. cxd5 exd5 5. Nf3 Nc6 6. g3 Nf6 7. Bg2 Be7 8. O-O
O-O 9. dxc5 Bxc5 10. Na4 Be7 11. Be3 Bg4 12. Rc1 Re8 13. Nc5 Bxc5 14. Bxc5 Rc8
15. Re1 Ne4 16. Be3 h5 17. Nd2 Ng5 18. Nb3 Nh3+ 19. Bxh3 Bxh3 20. Qd2 h4 21.
Rcd1 hxg3 22. hxg3 Re5 23. f3 Rh5 24. Bf2 Ne5 25. Bd4 Nc4 26. Qf4 Rc6 27. Bc3
Qe7 28. e4 {suite illisible} 1-0

[Event "Championnat de France des Jeunes - Minim"]
[Site "NIMES"]
[Date "2012.04.15"]
[Round "2.2"]
[White "Noireaut, Hung"]
[Black "Kambrath, Yannick"]
[Result "0-1"]
[WhiteElo "1882"]
[BlackElo "2228"]
[PlyCount "66"]

1. e4 e5 2. Nf3 d6 3. d4 exd4 4. Nxd4 Nf6 5. Nc3 Be7 6. Bd3 O-O 7. O-O Nc6 8.
Nf5 Bxf5 9. exf5 Ne5 10. Be2 d5 11. Bf4 Nc6 12. Bf3 d4 13. Nb5 Bc5 14. c3 d3
15. Nxc7 Rc8 16. Bxc6 bxc6 17. Na6 Bd6 18. Be3 c5 19. b4 c4 20. Nc5 Nd5 21. Nb7
Bxh2+ 22. Kxh2 Qc7+ 23. g3 Qxb7 24. Bd4 Qd7 25. Qf3 f6 26. a4 Nxb4 27. Rab1 Nc6
28. Be3 Ne5 29. Qb7 Qxb7 30. Rxb7 Rf7 31. Rfb1 Rxb7 32. Rxb7 Rd8 33. Kg2 d2 0-1

[Event "Championnat de France des Jeunes - Minim"]
[Site "NIMES"]
[Date "2012.04.15"]
[Round "2.3"]
[White "Lamard, Guillaume"]
[Black "Gautier-Baudhuit, Clement"]
[Result "1-0"]
[WhiteElo "2224"]
[BlackElo "1865"]
[PlyCount "59"]

1. d4 Nf6 2. c4 e5 3. dxe5 Ne4 4. Nf3 Nc6 5. a3 d6 6. exd6 Bxd6 7. Nbd2 Nc5 8.
b4 Ne6 9. Bb2 O-O 10. e3 b6 11. Ne4 Qe7 12. Nxd6 Rd8 13. Be2 Rxd6 14. Qc2 Bb7
15. Qc3 Rad8 16. O-O a5 17. b5 Nb8 18. Rad1 Rxd1 19. Rxd1 Nd7 20. Nd4 Nf6 21.
Nxe6 Rxd1+ 22. Bxd1 Qxe6 23. Qd4 Ne8 24. Bc2 Qd6 25. f3 Bc8 26. Qe4 Be6 27.
Qxh7+ Kf8 28. Bd3 Qc5 29. Kf2 Bxc4 30. Qh8+ 1-0

[Event "Championnat de France des Jeunes - Minim"]
[Site "NIMES"]
[Date "2012.04.15"]
[Round "2.4"]
[White "Bordais, Benjamin"]
[Black "Kirk, Ezra"]
[Result "1/2-1/2"]
[WhiteElo "1875"]
[BlackElo "2201"]
[PlyCount "150"]

1. e4 c5 2. Nf3 Nc6 3. d4 cxd4 4. Nxd4 g6 5. Nc3 Bg7 6. Nde2 Nf6 7. g3 b5 8.
Bg2 Rb8 9. O-O d6 10. Nd5 O-O 11. c3 b4 12. c4 Ne5 13. Ne3 Nfg4 14. Qc2 Be6 15.
Nxg4 Bxg4 16. Be3 Qc7 17. b3 Bxe2 18. Qxe2 Nd7 19. Rad1 Nc5 20. Bd4 Bxd4 21.
Rxd4 e5 22. Rd5 Ne6 23. Rc1 Nd4 24. Qe3 Qe7 25. Bh3 Rfd8 26. f4 f6 27. Qf2 Rb7
28. Kg2 Rc7 29. Qd2 Rb8 30. fxe5 fxe5 31. Rf1 Rf8 32. Rxf8+ Qxf8 33. Bg4 h5 34.
Bd1 Qf6 35. Qf2 Qxf2+ 36. Kxf2 Rc6 37. Ra5 Rc7 38. Ra6 Nc6 39. g4 hxg4 40. Bxg4
Kf7 41. Kg3 Ke7 42. Kh4 Nb8 43. Ra5 a6 44. Kg5 Kf7 45. Rd5 Rc6 46. Rd3 Kg7 47.
h4 a5 48. Rd5 Ra6 49. Rb5 Nc6 50. Rb7+ Kf8 51. Kxg6 d5 52. Rf7+ Ke8 53. Bd7+
Kd8 54. Bxc6 Rxc6+ 55. Kf5 dxc4 56. bxc4 Rxc4 57. Ra7 Rc2 58. Rxa5 Rh2 59. Kxe5
Rxh4 60. Kd5 Rh5+ 61. e5 Rh6 62. Ra7 Ke8 63. Ra4 Rb6 64. Kc4 Re6 65. Ra5 Rb6
66. Rb5 Ra6 67. Kb3 Ra3+ 68. Kb2 Re3 69. Rxb4 Rxe5 70. Rd4 Re7 71. a4 Rd7 72.
Rxd7 Kxd7 73. a5 Kc6 74. a6 Kb6 75. a7 Kxa7 1/2-1/2

[Event "Championnat de France des Jeunes - Minim"]
[Site "NIMES"]
[Date "2012.04.15"]
[Round "2.5"]
[White "Purenne, Benoit"]
[Black "Micottis, Dorian"]
[Result "0-1"]
[WhiteElo "2182"]
[BlackElo "1841"]
[PlyCount "78"]

1. d4 Nf6 2. c4 g6 3. Nf3 Bg7 4. g3 O-O 5. Bg2 d5 6. cxd5 Nxd5 7. O-O Nd7 8.
Qb3 c6 9. e4 N5b6 10. Nc3 e5 11. Bg5 Qe8 12. dxe5 Nxe5 13. Be3 Be6 14. Qc2
Nxf3+ 15. Bxf3 Qe7 16. Bf4 Rfd8 17. Bg2 Rd7 18. Rfe1 Rad8 19. e5 Nd5 20. Qc1
Nxf4 21. Qxf4 Bf5 22. Qe3 Rd3 23. Qxa7 Bxe5 24. Kh1 Qc7 25. Qa3 Rd2 26. f4 Bd6
27. Qb3 Be6 28. Qa4 Rxb2 29. a3 Be7 30. Ne4 b5 31. Qa6 Bd5 32. Bf3 f5 33. Ng5
Bxg5 34. Bxd5+ Rxd5 35. fxg5 Rdd2 36. Qa8+ Kg7 37. Re3 Rxh2+ 38. Kg1 Rhg2+ 39.
Kf1 Rxg3 0-1

[Event "Championnat de France des Jeunes - Minim"]
[Site "NIMES"]
[Date "2012.04.15"]
[Round "3.1"]
[White "Laverdet, Tristan"]
[Black "Giroyan, Gary"]
[Result "0-1"]
[WhiteElo "1964"]
[BlackElo "2364"]
[PlyCount "90"]

1. e4 c5 2. Nf3 e6 3. d4 cxd4 4. Nxd4 d6 5. Nc3 a6 6. Be3 b5 7. a3 Bb7 8. Qd2
Nf6 9. f3 Nbd7 10. Be2 Rc8 11. O-O Be7 12. Rfd1 O-O 13. Qe1 Qc7 14. g4 Nb6 15.
g5 Nfd7 16. Qg3 Rfe8 17. h4 d5 18. Qxc7 Rxc7 19. exd5 Nxd5 20. Nxd5 Bxd5 21. c3
Ne5 22. Bf4 Bd6 23. Kf2 Nd3+ 24. Bxd3 Bxf4 25. a4 bxa4 26. Bxa6 Rb8 27. Rxa4
Rxb2+ 28. Ne2 Bd6 29. c4 Bc5+ 30. Kg3 Bc6 31. Rd8+ Bf8 32. Bb5 Bb7 33. Nd4 e5
34. Nf5 Rb3 35. Ra7 Rxf3+ 36. Kg4 Rf4+ 37. Kg3 Rxf5 38. Ba6 Rf3+ 39. Kh2 Rc8
40. Rxc8 Bxc8 41. Bxc8 Rf4 42. Rc7 e4 43. Rd7 e3 44. Rd3 Re4 45. Rd1 e2 0-1

[Event "Championnat de France des Jeunes - Minim"]
[Site "NIMES"]
[Date "2012.04.15"]
[Round "3.2"]
[White "Kambrath, Yannick"]
[Black "Mirimanian, Haik"]
[Result "1-0"]
[WhiteElo "2228"]
[BlackElo "1946"]
[PlyCount "60"]

1. d4 d6 2. Nf3 g6 3. c4 Bg7 4. Nc3 e5 5. dxe5 dxe5 6. Qxd8+ Kxd8 7. Bd2 f6 8.
O-O-O Bd7 9. Ne4 b6 10. a3 Nh6 11. Nxf6 Bxf6 12. Bxh6 c6 13. g4 Re8 14. Bg2 Kc7
15. Ng5 Bxg5+ 16. Bxg5 Be6 17. b3 a5 18. f4 exf4 19. Bxf4+ Kb7 20. Rd6 a4 21.
Kb2 axb3 22. Kxb3 Ra5 23. Rhd1 g5 24. Bg3 Bd5 25. e4 Be6 26. Rd8 Rxd8 27. Rxd8
Na6 28. Re8 Bc8 29. Re7+ Ka8 30. Be1 Rc5 1-0

[Event "Championnat de France des Jeunes - Minim"]
[Site "NIMES"]
[Date "2012.04.15"]
[Round "3.3"]
[White "Dupouy, Francois"]
[Black "Lamard, Guillaume"]
[Result "0-1"]
[WhiteElo "1904"]
[BlackElo "2224"]
[PlyCount "84"]

1. e4 c5 2. Nf3 e6 3. d4 cxd4 4. Nxd4 Nc6 5. Nc3 Qc7 6. Be2 a6 7. O-O Nf6 8.
Be3 Bb4 9. Na4 Be7 10. Nxc6 bxc6 11. Nb6 Rb8 12. Nxc8 Qxc8 13. Bd4 c5 14. Be5
Rb6 15. Qd3 Qb7 16. Bf3 Qc8 17. c4 O-O 18. Rad1 d6 19. Bc3 Nd7 20. b3 Bf6 21.
Ba5 Rc6 22. Be2 Bd4 23. Kh1 Qb7 24. f4 Rcc8 25. Bf3 Nb8 26. e5 Qd7 27. Bb6 dxe5
28. fxe5 Qe7 29. Rfe1 h6 30. a4 Nd7 31. Bxc5 Nxc5 32. Qxd4 Nxb3 33. Qb6 Nc5 34.
Rd6 Qh4 35. Red1 Qf4 36. Bb7 Nxa4 37. Qd4 Rxc4 38. Qxf4 Rxf4 39. Bxa6 Nc5 40.
Bb5 Re4 41. g3 Rxe5 42. Kg2 Ne4 0-1

[Event "Championnat de France des Jeunes - Minim"]
[Site "NIMES"]
[Date "2012.04.15"]
[Round "3.4"]
[White "Vilain, Thomas"]
[Black "Salles, Louis"]
[Result "1/2-1/2"]
[WhiteElo "1885"]
[BlackElo "2129"]
[PlyCount "94"]

1. c4 Nf6 2. Nc3 g6 3. e4 d6 4. d4 Bg7 5. Nf3 O-O 6. Be2 e5 7. dxe5 dxe5 8.
Qxd8 Rxd8 9. Bg5 Re8 10. Nd5 Nxd5 11. cxd5 c6 12. O-O cxd5 13. exd5 Nd7 14.
Rfd1 Nb6 15. d6 h6 16. Be3 Bd7 17. Nd2 Nd5 18. Bc5 Nf4 19. Bf3 Ne6 20. Nb3 Nd8
21. Bd5 Nc6 22. Rac1 Rac8 23. Bxc6 Rxc6 24. Bxa7 Rxc1 25. Rxc1 Bf6 26. Rc7 Bc6
27. Na5 Bd8 28. Nxc6 Bxc7 29. dxc7 bxc6 30. Bb8 Kf8 31. a4 Ke7 32. a5 Kd7 33.
Kf1 c5 34. a6 Re6 35. a7 Ra6 36. Ke2 c4 37. Kd2 Kc8 38. Kc3 Ra4 39. b4 cxb3 40.
Kxb3 Ra6 41. Kc4 f6 42. Kd5 Kd7 43. Kc5 Ra1 44. Kb6 Rb1+ 45. Kc5 Ra1 46. Kb6
Rb1+ 47. Kc5 Ra1 1/2-1/2

[Event "Championnat de France des Jeunes - Minim"]
[Site "NIMES"]
[Date "2012.04.15"]
[Round "3.5"]
[White "Micottis, Dorian"]
[Black "Malka, Samuel"]
[Result "1/2-1/2"]
[WhiteElo "1841"]
[BlackElo "2125"]
[PlyCount "100"]

1. e4 c5 2. Nf3 d6 3. d4 cxd4 4. Nxd4 Nf6 5. Nc3 g6 6. Be3 Bg7 7. f3 Nc6 8. Qd2
O-O 9. Bc4 Bd7 10. O-O-O Rb8 11. Bb3 Na5 12. Bh6 Bxh6 13. Qxh6 b5 14. Nd5 e5
15. Nf5 Bxf5 16. exf5 Nxb3+ 17. axb3 Nxd5 18. Rxd5 Qf6 19. g4 Rb6 20. h4 Rc8
21. h5 Rc7 22. Rd2 a5 23. hxg6 fxg6 24. fxg6 Qxg6 25. Qxg6+ hxg6 26. Rdh2 Rbc6
27. Rh8+ Kf7 28. R1h7+ Ke6 29. Rxc7 Rxc7 30. Kd2 b4 31. Ra8 Rh7 32. Rxa5 Rh2+
33. Ke3 Rxc2 34. Rb5 Rxb2 35. Rxb4 g5 36. Rb8 Rb1 37. Kd3 Rd1+ 38. Ke2 Rb1 39.
Kd3 Rd1+ 40. Ke2 Rh1 41. Rg8 Rb1 42. Rb8 Kd5 43. Kd3 Rd1+ 44. Ke2 Rh1 45. Ke3
Rc1 46. Kd2 Rf1 47. Ke2 Rc1 48. Kd2 Rf1 49. Ke2 Rc1 50. Kd2 Rf1 1/2-1/2

[Event "Championnat de France des Jeunes - Minim"]
[Site "NIMES"]
[Date "2012.04.16"]
[Round "4.1"]
[White "Giroyan, Gary"]
[Black "Viennot, Dylan"]
[Result "1-0"]
[WhiteElo "2364"]
[BlackElo "2115"]
[PlyCount "57"]

1. e4 e6 2. d4 d5 3. Nc3 Nf6 4. Bg5 Be7 5. e5 Nfd7 6. h4 c5 7. Bxe7 Qxe7 8. Nb5
O-O 9. Nc7 Nc6 10. Nxa8 cxd4 11. Qd2 f6 12. Nf3 fxe5 13. Bb5 Qc5 14. Bxc6 bxc6
15. O-O Nf6 16. Nxe5 Ne4 17. b4 Nxd2 18. bxc5 Nxf1 19. Rxf1 Ba6 20. Nc7 Bxf1
21. Kxf1 Rc8 22. Na6 g6 23. Nb4 Kg7 24. Nbxc6 Rc7 25. Ke2 Kf6 26. Kd3 a5 27. f4
a4 28. Nxd4 Ke7 29. c6 1-0

[Event "Championnat de France des Jeunes - Minim"]
[Site "NIMES"]
[Date "2012.04.16"]
[Round "4.2"]
[White "Burmonas, Romain"]
[Black "Kambrath, Yannick"]
[Result "0-1"]
[WhiteElo "1845"]
[BlackElo "2228"]
[Annotator "Rivier,Sylvain"]
[PlyCount "51"]

1. e4 c5 2. Nf3 e6 3. Nc3 Nc6 4. d4 cxd4 5. Nxd4 a6 6. Be2 d6 7. Be3 Nf6 8. Qd2
Be7 9. f3 Qa5 10. g4 Nd7 11. g5 Nxd4 12. Qxd4 O-O 13. O-O-O b5 14. h4 b4 15.
Nb1 Bb7 16. h5 e5 17. Qd2 Qxa2 18. g6 Rfc8 19. Bd3 Nc5 20. Bxc5 Rxc5 21. h6
fxg6 22. hxg7 Qf7 23. Rdg1 Qf4 24. Qxf4 exf4 25. Rg4 Kxg7 26. Nd2 {suite
illisible} 0-1

[Event "Championnat de France des Jeunes - Minim"]
[Site "NIMES"]
[Date "2012.04.16"]
[Round "4.3"]
[White "Lamard, Guillaume"]
[Black "Mkrtchyan, Armen"]
[Result "1-0"]
[WhiteElo "2224"]
[BlackElo "1967"]
[PlyCount "81"]

1. d4 d5 2. c4 e6 3. Nc3 c6 4. e3 Nf6 5. Nf3 Bd6 6. Qc2 Nbd7 7. Bd3 O-O 8. O-O
dxc4 9. Bxc4 c5 10. dxc5 Bxc5 11. e4 Nb6 12. Bb3 h6 13. e5 Ne8 14. Rd1 Qc7 15.
Bf4 Bd7 16. Rac1 Bc6 17. Ne4 Be7 18. Nd4 Rc8 19. Nxc6 bxc6 20. Rd3 Nd5 21. Bxd5
exd5 22. Nc5 Bxc5 23. Qxc5 f6 24. Qe3 g5 25. Bg3 f5 26. f4 Qb6 27. Qxb6 axb6
28. Rxd5 cxd5 29. Rxc8 Ng7 30. Rc6 Ra8 31. a3 Ra4 32. Rxb6 gxf4 33. Be1 Re4 34.
Kf2 d4 35. a4 d3 36. a5 Re2+ 37. Kf1 Ne8 38. a6 Nc7 39. a7 Rc2 40. Rb8+ Kf7 41.
Rb7 1-0

[Event "Championnat de France des Jeunes - Minim"]
[Site "NIMES"]
[Date "2012.04.16"]
[Round "4.4"]
[White "Kirk, Ezra"]
[Black "Lam-Roques, Kalvin"]
[Result "1-0"]
[WhiteElo "2201"]
[BlackElo "1938"]
[PlyCount "133"]

1. d4 Nf6 2. c4 c5 3. d5 b5 4. cxb5 a6 5. b6 g6 6. Nc3 d6 7. a4 Qxb6 8. a5 Qc7
9. e4 Nbd7 10. f4 Bg7 11. Nf3 Bb7 12. Bc4 O-O 13. O-O Rfe8 14. Re1 e6 15. dxe6
fxe6 16. Ng5 Nf8 17. Qb3 Rad8 18. Nxe6 Nxe6 19. Bxe6+ Kh8 20. Bd2 c4 21. Qxc4
Qxc4 22. Bxc4 Nxe4 23. Nxe4 Bxe4 24. Bxa6 Bxb2 25. Ra4 Bd5 26. Rxe8+ Rxe8 27.
Kf1 Rb8 28. Rb4 Ra8 29. Bb7 Bxb7 30. Rxb7 Bd4 31. Rd7 Ra6 32. Bb4 Bc5 33. Bc3+
Kg8 34. Rg7+ Kf8 35. Rxh7 d5 36. Rd7 d4 37. Bxd4 Bxd4 38. Rxd4 Rxa5 39. Kf2 Ke7
40. g4 Ra3 41. Re4+ Kf6 42. Re3 Ra1 43. Kg3 Rg1+ 44. Kh4 Rf1 45. Re4 Ra1 46.
Rb4 Ra6 47. h3 Ra3 48. Rb6+ Kg7 49. Rb7+ Kf6 50. Rb6+ Kg7 51. Kg5 Ra5+ 52. f5
gxf5 53. Rb7+ Kg8 54. gxf5 Ra1 55. h4 Rg1+ 56. Kf6 Re1 57. h5 Rh1 58. Rg7+ Kf8
59. Rg5 Rb1 60. Kg6 Ke7 61. f6+ Ke6 62. Rg2 Rf1 63. Re2+ Kd7 64. Kg7 Rg1+ 65.
Kf8 Kd6 66. f7 Rh1 67. Ke8 1-0

[Event "Championnat de France des Jeunes - Minim"]
[Site "NIMES"]
[Date "2012.04.16"]
[Round "4.5"]
[White "Salles, Louis"]
[Black "Bordais, Benjamin"]
[Result "1/2-1/2"]
[WhiteElo "2129"]
[BlackElo "1875"]
[PlyCount "154"]

1. e4 c6 2. d4 d5 3. Nc3 dxe4 4. Nxe4 Bf5 5. Ng3 Bg6 6. h4 h6 7. Nf3 Nd7 8. h5
Bh7 9. Bd3 Bxd3 10. Qxd3 e6 11. Bf4 Qa5+ 12. Bd2 Qc7 13. O-O-O Ngf6 14. Ne4
O-O-O 15. g3 Nc5 16. Nxc5 Bxc5 17. c4 Qe7 18. Ba5 Bb6 19. Bc3 Rhe8 20. Qe2 c5
21. Kb1 cxd4 22. Nxd4 Rd7 23. Nb3 Red8 24. Rc1 Bc5 25. f4 Rd3 26. g4 Be3 27.
Rcf1 Ne4 28. Ba5 b6 29. Rh3 bxa5 30. Rxe3 Nd2+ 31. Nxd2 Rxd2 32. Qf3 Qb7 33.
Qxb7+ Kxb7 34. f5 exf5 35. Rxf5 f6 36. Re7+ R8d7 37. Rxd7+ Rxd7 38. Rf4 Kc6 39.
Kc2 Re7 40. Kd3 Re1 41. Re4 Rg1 42. Ke3 Kd6 43. Kf3 Rf1+ 44. Kg2 Rc1 45. Rd4+
Kc7 46. Kf3 a6 47. Ke4 Rf1 48. Rd5 a4 49. Ra5 Kb6 50. Rxa4 f5+ 51. gxf5 Rh1 52.
Ra3 Rxh5 53. Rg3 Rh4+ 54. Kd5 Rf4 55. c5+ Kb5 56. Ke5 Rf2 57. Rxg7 Kxc5 58. Rg6
Re2+ 59. Kf4 a5 60. Rxh6 Rxb2 61. a3 Rf2+ 62. Ke5 Re2+ 63. Kf6 Re3 64. Kg7 Rxa3
65. f6 Rb3 66. Rh5+ Kb4 67. f7 Rf3 68. Rh4+ Kb3 69. f8=Q Rxf8 70. Kxf8 a4 71.
Ke7 a3 72. Kd6 a2 73. Rh1 Kb2 74. Rh2+ Kb3 75. Rh1 Kb2 76. Kc5 a1=Q 77. Rxa1
Kxa1 1/2-1/2

[Event "Championnat de France des Jeunes - Minim"]
[Site "NIMES"]
[Date "2012.04.17"]
[Round "5.1"]
[White "Kambrath, Yannick"]
[Black "Giroyan, Gary"]
[Result "0-1"]
[WhiteElo "2228"]
[BlackElo "2364"]
[Annotator "Rivier,Sylvain"]
[PlyCount "49"]

1. d4 Nf6 2. c4 e6 3. Nf3 c5 4. d5 b5 5. Bg5 Qa5+ 6. Qd2 Qxd2+ 7. Nbxd2 bxc4 8.
e4 Bb7 9. Bxf6 gxf6 10. Bxc4 Rg8 11. O-O Na6 12. Nb3 Nc7 13. Na5 exd5 14. Nxb7
dxc4 15. Na5 O-O-O 16. Nxc4 d5 17. exd5 Nxd5 18. Rad1 Rg4 19. Rxd5 Rxc4 20.
Rxd8+ Kxd8 21. Rd1+ Kc7 22. Ne1 Bd6 23. Kf1 Ra4 24. a3 Be5 25. Rd2 {suite
illisible} 0-1

[Event "Championnat de France des Jeunes - Minim"]
[Site "NIMES"]
[Date "2012.04.17"]
[Round "5.2"]
[White "Malka, Samuel"]
[Black "Lamard, Guillaume"]
[Result "0-1"]
[WhiteElo "2125"]
[BlackElo "2224"]
[PlyCount "62"]

1. d4 d5 2. c4 e6 3. Nf3 c6 4. e3 Bd6 5. Nc3 f5 6. Qc2 Nf6 7. Bd3 Ne4 8. h3 Na6
9. a3 Nc7 10. g4 O-O 11. gxf5 exf5 12. Rg1 Kh8 13. Bd2 Be6 14. Rg2 Nxc3 15.
Bxc3 Be7 16. O-O-O Bf6 17. Bxf5 Bxf5 18. Qxf5 dxc4 19. e4 Qc8 20. Qc5 Ne6 21.
Qxc4 Nf4 22. Rg3 b5 23. Qf1 Qe6 24. Ne5 a5 25. Bd2 Bxe5 26. dxe5 b4 27. Bxf4
Rxf4 28. Rd6 Qxe5 29. Qa6 Raf8 30. Qxc6 Rxf2 31. Rd2 Qxg3 0-1

[Event "Championnat de France des Jeunes - Minim"]
[Site "NIMES"]
[Date "2012.04.17"]
[Round "5.3"]
[White "Kirk, Ezra"]
[Black "Bigonnet, Jean-Michel"]
[Result "1-0"]
[WhiteElo "2201"]
[BlackElo "1956"]
[PlyCount "87"]

1. d4 Nf6 2. c4 c5 3. d5 b5 4. cxb5 a6 5. bxa6 g6 6. Nc3 Bxa6 7. Nf3 d6 8. g3
Bg7 9. Bg2 Nbd7 10. Rb1 O-O 11. b3 Qa5 12. Bd2 Rfb8 13. O-O Qc7 14. Qc2 Nb6 15.
Nh4 c4 16. b4 Bb7 17. e4 e6 18. dxe6 fxe6 19. Bf4 Ne8 20. Be3 Bc6 21. Bh3 Qe7
22. Ne2 Nc7 23. Bxb6 Rxb6 24. Qxc4 Bb5 25. Qc2 Rc6 26. Qd2 Rca6 27. Rfc1 Rxa2
28. Rxc7 Rxd2 29. Rxe7 Rxe2 30. Bxe6+ Kh8 31. Nf3 Bd3 32. Rd1 Bxe4 33. Bc4 Bf8
34. Re6 Bxf3 35. Bxe2 Bb7 36. b5 Ra2 37. Bc4 Rb2 38. Ra1 d5 39. Bf1 Bc5 40. Re2
Rxe2 41. Bxe2 Bb6 42. Bf3 Kg7 43. Rd1 Kf6 44. Bxd5 1-0

[Event "Championnat de France des Jeunes - Minim"]
[Site "NIMES"]
[Date "2012.04.17"]
[Round "5.4"]
[White "Bordais, Benjamin"]
[Black "Gelas, Christophe"]
[Result "0-1"]
[WhiteElo "1875"]
[BlackElo "2149"]
[PlyCount "58"]

1. e4 e6 2. d4 d5 3. Nd2 Nf6 4. e5 Nfd7 5. Bd3 c5 6. c3 Nc6 7. Ndf3 Qb6 8. Ne2
cxd4 9. cxd4 f6 10. exf6 Nxf6 11. O-O Bd6 12. a3 O-O 13. b4 e5 14. dxe5 Nxe5
15. Nxe5 Bxe5 16. Be3 Qc7 17. Rc1 Bxh2+ 18. Kh1 Qf7 19. g3 Ng4 20. Bf4 Qh5 21.
Kg2 Bxg3 22. Nxg3 Qh2+ 23. Kf3 Ne5+ 24. Ke3 Ng4+ 25. Kf3 Qh6 26. Bxh7+ Kxh7 27.
Rh1 Rxf4+ 28. Kg2 Rxf2+ 29. Kg1 Rh2 0-1

[Event "Championnat de France des Jeunes - Minim"]
[Site "NIMES"]
[Date "2012.04.17"]
[Round "5.5"]
[White "Vuddamalay, Milan"]
[Black "Salles, Louis"]
[Result "0-1"]
[WhiteElo "1817"]
[BlackElo "2129"]
[PlyCount "138"]

1. d4 Nf6 2. c4 g6 3. Nc3 Bg7 4. e4 d6 5. Nf3 O-O 6. Be2 e5 7. O-O Nc6 8. Be3
Ng4 9. Bg5 f6 10. Bh4 g5 11. Bg3 f5 12. d5 Nd4 13. Nxd4 exd4 14. Nb5 Ne5 15.
exf5 d3 16. Bxd3 Nxd3 17. Qxd3 Bxb2 18. Rad1 Bxf5 19. Qb3 Bg7 20. Nd4 Bxd4 21.
Rxd4 Qf6 22. Rdd1 b6 23. f3 Rf7 24. Bf2 Qg6 25. Qc3 h5 26. Rfe1 Raf8 27. Re3 g4
28. Rde1 Kh7 29. Bh4 gxf3 30. Rxf3 Qg4 31. Bg3 Be4 32. Rxf7+ Rxf7 33. Qd4 Bg6
34. Qxg4 hxg4 35. Re3 Bb1 36. a3 Kg7 37. Bh4 Kf8 38. Bd8 Bf5 39. Bg5 Bd7 40.
Re4 b5 41. cxb5 Bxb5 42. Rf4 Rxf4 43. Bxf4 Bc4 44. Be3 a6 45. Ba7 Ke7 46. Kf2
Bxd5 47. h3 gxh3 48. gxh3 c5 49. Ke3 Kd7 50. Bb6 Kc6 51. Ba5 Bf7 52. Bd2 Kb5
53. Kd3 Bg6+ 54. Kc3 Kc6 55. h4 Kd5 56. Bf4 Be8 57. Bg3 Ke6 58. Bf2 Kd7 59. Kb3
Kc6 60. Ka4 Bh5 61. Ka5 Be2 62. h5 Bxh5 63. Kxa6 d5 64. Ka5 d4 65. Bg1 Kd5 66.
Kb5 Be8+ 67. Ka5 c4 68. Kb4 c3 69. Kb3 Ba4+ 0-1

[Event "Championnat de France des Jeunes - Minim"]
[Site "NIMES"]
[Date "2012.04.18"]
[Round "6.1"]
[White "Giroyan, Gary"]
[Black "Lamard, Guillaume"]
[Result "1/2-1/2"]
[WhiteElo "2364"]
[BlackElo "2224"]
[PlyCount "104"]

1. e4 c5 2. Nf3 e6 3. c3 d5 4. exd5 Qxd5 5. d4 Nf6 6. Na3 Be7 7. Nb5 Na6 8. Be2
O-O 9. Bf4 Bd7 10. O-O Bxb5 11. Bxb5 cxd4 12. Bxa6 bxa6 13. Qxd4 Qb7 14. Qd2
Rfd8 15. Qe2 Nd5 16. Bg3 a5 17. Rfd1 Rac8 18. Rac1 a4 19. c4 Nb4 20. a3 Na6 21.
Nd4 Nc5 22. Nb5 Nb3 23. Rxd8+ Rxd8 24. Rd1 Rxd1+ 25. Qxd1 a6 26. Nc3 Qc6 27. h3
h6 28. Qg4 Bf6 29. Qf4 Bxc3 30. bxc3 Na5 31. c5 Nb3 32. Qb8+ Kh7 33. Qb6 Qxc5
34. Qxa6 Qxa3 35. Qd3+ Kg8 36. Bd6 Qc1+ 37. Kh2 Nd2 38. Be5 Nf1+ 39. Kg1 Nd2+
40. Kh2 Qe1 41. Qd8+ Kh7 42. Qd3+ Qe4 43. Qxd2 Qxe5+ 44. f4 Qd5 45. Qc2+ Qf5
46. Qxa4 e5 47. g3 Qd3 48. fxe5 Qe2+ 49. Kg1 Qe1+ 50. Kg2 Qe2+ 51. Kg1 Qe1+ 52.
Kg2 Qe2+ 1/2-1/2

[Event "Championnat de France des Jeunes - Minim"]
[Site "NIMES"]
[Date "2012.04.18"]
[Round "6.2"]
[White "Kambrath, Yannick"]
[Black "Kirk, Ezra"]
[Result "0-1"]
[WhiteElo "2228"]
[BlackElo "2201"]
[PlyCount "80"]

1. d4 Nf6 2. c4 g6 3. Nc3 Bg7 4. e4 d6 5. f4 O-O 6. Nf3 c5 7. d5 e6 8. Be2 exd5
9. cxd5 Bg4 10. O-O Nbd7 11. Qc2 Ne8 12. Be3 a6 13. a4 Nc7 14. Rab1 Re8 15.
Rfe1 Rb8 16. h3 Bxf3 17. Bxf3 b5 18. axb5 Nxb5 19. Nxb5 axb5 20. b4 c4 21. Qf2
Qf6 22. g4 Ra8 23. Rec1 Ra3 24. g5 Qe7 25. Bg2 f5 26. Bd4 fxe4 27. Ra1 e3 28.
Qe2 Rea8 29. Rxa3 Rxa3 30. Bxg7 Qxg7 31. Rf1 Qd4 32. Kh1 Ra1 33. Rxa1 Qxa1+ 34.
Kh2 Qd4 35. Kg3 c3 36. Kf3 Qxb4 37. Qxe3 Nf8 38. Bf1 c2 39. Bd3 Qc3 40. Bxc2
Qxc2 0-1